000
00299nam a22001337a 4500
008
170523b xxu||||| |||| 00| 0 eng d
020
_a
9780195119930
041
_a
eng
080
_2
3RD
_a
94(4)
100
_a
16
101
_a
SHH
245
_a
RETURN TO DIVERSITY
_c
ROTHSCHILD,J
942
_2
udc
_c
BK
999
_c
13913
_d
13913